000 02120nam0a2200373 4500
001 RU\NLR\BIBL_A\012890115
005 20250624214245.0
010 _a978-5-907582-06-4
_9500
021 _aRU
_b2022-49382
_9КН-П-4284
035 _a(RuMoRGB)011157762
035 _a(NLR Aleph) 012890115
090 _a12548411
_c12548411
100 _a20220916d2022 |||y0rusy50 ca
101 0 _aeng
_arus
102 _aRU
105 _aa z 100zy
200 1 _aBreakthrough scientific research as an engine of science
_ecollection of articles based on the results of International scientific and practical conference 19 April 2022, Omsk
_fAgency of international research
_g[responsible editor: Sukiasyan A.A.]
210 _aSterlitamak
_cAgency of international research
_d2022
215 _a209 с.
_cил.
_d21
300 _aТекст ст. на англ. и рус. яз.
320 _aБиблиогр. в конце ст.
330 _aНаучное издание предназначено для всех, проявляющих интерес к рассматриваемой проблематике с целью использования в научной работе, педагогической и учебной деятельности
541 1 _aПрорывные научные исследования как двигатель науки
606 1 _aНаучные конференции
_jСборники
_yОмск, город
_92464585
_3RU\NLR\AUTH\661464211
675 _a082
_v4
686 1 _aЯ431(2Р-4Ом-2О)
702 1 _4340
_7ba
_8rus
_aSukiasjan
_bA. A.
_cканд. экон. наук
_gAsatur Al'bertovič
_9253328
_3RU\NLR\AUTH\770253384
711 1 2 _7ba
_8eng
_a"Breakthrough scientific research as an engine of science", international scientific and practical conference
_eOmsk
_f2022
_9815258
_3RU\NLR\AUTH\880574575
712 0 2 _4475
_7ba
_8eng
_aAgency of international research
_cSterlitamak
_9763673
_3RU\NLR\AUTH\880549072
942 _cBOOK
980 _aNB